000 01079nam a2200241Ia 4500
001 254-DIL cl pa (14429)
003 IT-MiSPE
008 171229s9999||||xx |||||||||||||| ||und||
040 _aIT-MiSPE
_cIT-MiSPE
041 _aITALIANO
100 _aClement Dillenschneider
240 _aLa paroisse et son curé dans le mystère de l'Église
245 0 _aIl parroco e la sua parrocchia
_bnello spirito del Vaticano II
250 _a2a ed.
260 _aBologna
_bEDB
_c1967
300 _a199 p.
_c22 cm
490 _aSpiritualità sacerdotale
_v4
500 _aParrocchia
501 _aEdizioni San Paolo srl - Piazza Soncino, 5 - 20092 CINISELLO BALSAMO (MI) (non commercial uses only) ® Copyright 2018
942 _cBK
957 _71
999 _a803
_bNO
_g Copie: 1
_c343683
_d343683